00443nam a2200193Ia 4500003000900000008004100009040001300050040001300063041000800076100002100084245006000105250000900165260002100174260000900195300001100204300001200215490001500227490000700242IT-RoPAU120407s9999 xx 000 0 und d aIT-RoPAU cIT-RoPAU aita aGirolamo Moretti aI Santi dalla loro scrittura. Esami grafologici. 2a ed. aRoma aEdizioni Paoline c1975 a336 p. c21,5 cm aPsicologia v17